000 00657nam a2200229Ia 4500
003 OSt
005 20221005131102.0
006 a|||||r|||| 00| 0
007 ta
008 221004b |||||||| |||| 00| 0 eng d
024 _a66524
037 _cTextual
040 _aCRL
_cCRL
_beng
041 _2eng
_aeng
082 _aV73:2:9Z, H92
100 _aHamilton Alexander etc.
245 0 _aSelections from the federalist
_b A commentary on the costitution of the United States
260 _c1949
650 _aUNITED STATES - HISTORY
_931585
942 _hV73:2:9Z, H92
_cTEXL
_2cc
999 _c1059282
_d1059282